Search Engine Optimization: On-Page-Optimization

Skúmanie optimalizácie pre vyhľadávače so zameraním na časť - optimalizácia na stránke. Prehľad čo sú vyhľadávače sú a prečo je optimalizácia webových stránok dôležitá pre úspech podnikov v digitálnom svete. Skúmanie faktorov a metód ovplyvňujúcich hodnotenie webových stránok za účelom dosiahnutia v...

Celý popis

Uložené v:
Podrobná bibliografia
Hlavný autor: Hasan, Jamal
Ďalší autori: Haude, Oliver
Médium: Kapitola
Jazyk:English
Predmet:
Tagy: Pridať tag
Žiadne tagy, Buďte prvý, kto otaguje tento záznam!

MARC

LEADER 00000naa$a2200000$$$4500
001 0251166
005 20240502074028.9
041 0 |a eng 
044 |a SK 
245 1 0 |a Search Engine Optimization: On-Page-Optimization  |c Jamal Hasan, Oliver Haude 
520 |a Skúmanie optimalizácie pre vyhľadávače so zameraním na časť - optimalizácia na stránke. Prehľad čo sú vyhľadávače sú a prečo je optimalizácia webových stránok dôležitá pre úspech podnikov v digitálnom svete. Skúmanie faktorov a metód ovplyvňujúcich hodnotenie webových stránok za účelom dosiahnutia vysokej pozície v algoritme vyhľadávacieho nástroja. 
610 2 0 |a optimalizácia 
610 2 0 |a internet 
610 2 0 |a spotrebitelia 
610 2 0 |a obchod elektronický 
100 1 |a Hasan, Jamal 
700 1 |a Haude, Oliver